Nahý jsem přišel na svět : Román o Augustu Rodinovi /

Hlavní autor: Weiss, David, 1909-2002
Další autoři: Nová, Soňa, 1928-2020
Jazyk: Čeština
Vydáno: Praha : Svoboda, 1985
Vydání: 2. vyd.
Témata:
Externí odkaz: Digitalizovaný dokument
Fyzický popis: 698 s., [12] s. obr. příl. : il. ; 21 cm
Knihy
Uloženo v:
LEADER 01329nam a22003492a 4500
001 000122930
003 CZ BrMZK
005 20140718082916.0
007 ta
008 950101s1985 xr af f 000 0 cze d
015 |a cnb000025383 
035 |a (OCoLC)39597580 
040 |a ABA001  |b cze  |d ABA001  |d BOA001 
041 1 |a cze  |h eng 
080 9 |a 820(73)-31 
080 9 |a 929Rodin,A. 
080 9 |a 730 
100 1 |a Weiss, David,  |d 1909-2002  |7 xx0027572  |4 aut 
245 1 0 |a Nahý jsem přišel na svět :  |b Román o Augustu Rodinovi /  |c David Weiss ; [přeložila Soňa Nová] 
250 |a 2. vyd. 
260 |a Praha :  |b Svoboda,  |c 1985 
300 |a 698 s., [12] s. obr. příl. :  |b il. ;  |c 21 cm 
500 |a 60000 výt. 
600 1 7 |a Rodin, Auguste,  |d 1840-1917  |7 jn19990007096  |2 czenas 
655 7 |a biografické romány  |7 fd131905  |2 czenas 
700 1 |a Nová, Soňa,  |d 1928-2020  |7 jk01090300  |4 trl 
765 0 |t Naked came I  |9 Česky 
856 4 1 |u http://www.digitalniknihovna.cz/mzk/uuid/uuid:000b17b0-ba6f-11e3-b833-005056827e52  |y Digitalizovaný dokument  |x NDK 
910 |a BOA001  |b 2-0803.740-85 
990 |a BK 
996 6 |b 2610597660  |c 2-0803.740-85  |l MZK  |r Sklad / do 1 hodiny  |n 0  |p dar  |w 000122930  |u 000020  |a 1  |e BOA001  |j MZK50  |s P 
996 7 |b 2619969755  |c 2-0803.740-85  |l MZK  |r Sklad / do 1 hodiny  |n 23  |w 000122930  |u 000010  |a 1  |e BOA001  |j MZK50  |s A